000 02519nam a2200373 i 4500
001 51721
003 ES-MaCES
005 20210219134613.0
008 210219s2020 uk || 000 | eng d
020 _a9781509539116
020 _a9781509539123 (pb)
040 _aES-MaCES
_bspa
_cES-MaCES
100 1 _939889
_aMartin, Alice
245 1 0 _aUnions renewed
_b: building power in an age of finance
_cAlice Martin, Annie Quick
250 _a1st ed
260 _aCambridge, UK
_aMedford, MA
_bPolity
_c2020
300 _aVIII, 176 p.
_c22 cm
520 3 _aLos sindicatos se enfrentan a una oportunidad única de renovación. Décadas de declive se han visto agravadas por una élite global que genera cada vez más ganancias de la ingeniería financiera de formas que evitan el trabajo y socavan el poder de los trabajadores organizados. Sin embargo, a medida que este sistema económico comienza a fallar, hay indicios de que está surgiendo un movimiento sindical renovado. Las empresas cargadas de deudas, desde los supermercados y las cadenas de viveros hasta los gigantes de la subcontratación, se están derrumbando y los trabajadores se están organizando para determinar qué sigue. Los cajeros bancarios sindicalizados se niegan a impulsar los préstamos abusivos, los maestros están en huelga contra el mercado inmobiliario de explotación y los trabajadores de la industria manufactura están agrupando el pago de despido para comprar plantas y convertirse en propietarios de trabajadores. Alice Martin y Annie Quick argumentan que se trata de semillas de renovación sindical. Para ser eficaz en la era de las finanzas, el movimiento sindical debe establecer sus ambiciones más allá de la negociación salarial estrecha y hacia los sistemas financieros que se han infiltrado en los lugares de trabajo y las comunidades empobrecidas. Al hacerlo, pueden desempeñar un papel fundamental en el inicio de una nueva economía democrática.
541 _cCompra
650 4 _asindicato
_928377
650 4 _apapel del sindicato
_930660
650 4 _apoder sindical
_930599
650 4 _amovimiento obrero
_928368
650 4 _aparticipación de los trabajadores
_928378
650 4 _arelaciones laborales
_928369
650 4 _anegociación colectiva
_928362
650 4 _aEstados Unidos
_928373
650 4 _aReino Unido
_926967
650 4 _ahistoria
_927251
653 1 0 _aRelaciones laborales-Empleo
700 1 _939890
_aQuick, Annie
902 _aLIB Libro
942 _2CES
_cBK
_h2.0.
999 _c51721
_d51721